|
|
|
|
| LEADER |
01109nam a2200217 i 4500 |
| 003 |
GR-PaULI |
| 005 |
20210117210602.0 |
| 008 |
180314s2010 gr ||||g |||| 00| 0 gre d |
| 020 |
|
|
|a 9789602148846
|
| 040 |
|
|
|a GR-PaULI
|b gre
|c GR-PaULI
|e AACR2
|
| 082 |
0 |
4 |
|2 23
|a 895.125
|
| 245 |
1 |
0 |
|a Ανθολογία σύγχρονων κινεζικών θεατρικών έργων /
|b μετάφραση Wu Yue.
|
| 260 |
|
|
|a Αθήνα :
|b Υπουργείο Πολιτισμού-Διεύθυνση Γραμμάτων,
|c 2010.
|
| 300 |
|
|
|a 333 σ. ;
|c 24 εκ.
|
| 490 |
1 |
|
|a Θεατρικοί συγγραφείς / Υπουργείο Πολιτισμού - Διεύθυνση Γραμμάτων
|
| 700 |
1 |
|
|9 167837
|a Wu, Yue
|e συγγραφέας
|
| 830 |
0 |
|
|9 167841
|a Θεατρικοί συγγραφείς (Υπουργείο Πολιτισμού-Διεύθυνση Γραμμάτων)
|
| 942 |
|
|
|2 ddc
|c BK15
|
| 952 |
|
|
|0 0
|1 0
|2 ddc
|4 0
|7 0
|9 220762
|a LISP
|b LISP
|c DON
|d 2018-03-14
|e ΒΑΛ
|i 127036
|l 0
|p 025000245659
|r 2018-03-14 00:00:00
|t 1
|v 2018.00
|w 2018-03-14
|y BK15
|
| 998 |
|
|
|c ΣΑΤΛΑΝΗΣ
|d 2018-03
|
| 999 |
|
|
|c 133427
|d 133427
|